000 00542nam a22001817a 4500
003 LK-CoMWRAF
005 20240120165033.0
008 240120b |||||||| |||| 00| 0 eng d
040 _aLK-CoMWRAF
_dLK-CoMWRAF
_eLK-CoMWRAF
041 _aeng
082 _a016.3054
_bWAN
100 _aWanasundera, Leelangi
245 _aWomen of Sri Lanka :
_ban annotated bibliography
260 _aColombo:
_bCentre for Women's Research,
_c1986
300 _a ix, 140 p. ; 28 cm
_bIndex included
650 _aWOMEN-Sri Lanka-Bibliographies
942 _cBK
999 _c4663
_d4663